|
|
|
|
| LEADER |
00844nab a2200229 i 4500 |
| 001 |
misc62628 |
| 005 |
20230202135443.0 |
| 008 |
220331s1972 hu o 0|| fre d |
| 040 |
|
|
|a SZTE Miscellanea Repozitórium
|b hun
|
| 041 |
|
|
|a fre
|
| 041 |
|
|
|a tut
|
| 100 |
1 |
|
|a Györffy György
|
| 245 |
1 |
0 |
|a Sur la question de l'établissement des Petchénègues en Europe
|h [elektronikus dokumentum] /
|c Györffy György
|
| 260 |
|
|
|c 1972
|
| 300 |
|
|
|a 283-292
|c 24 cm
|
| 490 |
0 |
|
|a Acta Orientalia Academiae Scientiarum Hungaricae
|
| 561 |
|
|
|a Németh Gyula hagyaték
|
| 591 |
|
|
|a NOA 2103; NOA 2104
|
| 650 |
|
4 |
|a Bölcsészettudományok
|
| 650 |
|
4 |
|a Nyelvek és irodalom
|
| 856 |
4 |
0 |
|u http://misc.bibl.u-szeged.hu/62628/1/2103_noa_g87.pdf
|z Dokumentum-elérés
|
| 856 |
4 |
0 |
|u http://misc.bibl.u-szeged.hu/62628/2/2104_noa_g87.pdf
|z Dokumentum-elérés
|